1159 1970 1699 1464 1054 1935 1417 1624 1149 1956 1210 1395 1954 1308 1191 1760 1280 1466 1002 1059 1440 1028 1440 1927 1280 1333 1941 1939 1896 1195 1268 1438 1684 1528 1834 1744 1582 1130 1425 1612 1940 1197 1672 1773 1382 1655 1923 1200 1998 1293 1316 1105 1809 1920 1293 1941 1476 1111 1273 1717 1853 1307 1465 1382 1235 1294 1712 1448 1635 1755 1900 1160 1833 1525 1156 1762 1614 1785 1575 1542 1843 1361 1236 1074 1178 1801 1525 1454 1232 1463 1222 1398 1294 1915 1351 1680 1294 1748 1851 BCNSPRNW ULIB Ver.6.0+V

เปลี่ยนเป็นภาษาไทย

Change to English
 แสดงรายละเอียดบรรณานุกรม
  กลับหน้าหลัก

Brief Record : Get Marc (ISO 2709) : E-mail record : QR code < ปิดหน้าต่าง
LEADER : 00000nam 2200000uu 4500
001    13399124642
003     ULIB
008    151109s2554||||th 000 0 tha d
060  4 ^aWY18^bก461
111 2  ^aการสัมมนาวิชาการวิธีปฏิบัติงานที่ดี good Practice การแลกเปลี่ยนความรู้ทั้งภายในและภายนอกองค์กรเพื่อเสริมสร้างนวัตกรรมด้านการพัฒนาการประกันคุณภาพการศึกษาโดยพัฒนาการปฏิบัติงานที่ดี ( Good practice )^d(2554 : นนทบุรี)
245 10 ^aเอกสารประกอบการนำเสนอในการสัมมนาวิชาการวิธีปฏิบัติงานที่ดี good Practice การแลกเปลี่ยนความรู้ทั้งภายในและภายนอกองค์กรเพื่อเสริมสร้างนวัตกรรมด้านการพัฒนาการประกันคุณภาพการศึกษาโดยพัฒนาการปฏิบัติงานที่ดี (Good practice) วันที่ 24-25 มกราคม 2554 ณ โรงแรมเอเชีย แอร์พอร์ต
246 30 ^aการสัมมนาวิชาการวิธีปฏิบัติงานที่ดี good Practice การแลกเปลี่ยนความรู้ทั้งภายในและภายนอกองค์กรเพื่อเสริมสร้างนวัตกรรมด้านการพัฒนาการประกันคุณภาพการศึกษาโดยพัฒนาการปฏิบัติงานที่ดี (Good practice)
260    ^a[นนทบุรี] :^bฝ่ายประกันคุณภาพการศึกษา ส่วนพัฒนาการศึกษาสถาบันพระบรมราชชนก สำนักงานปลัดกระทรวง กระทรวงสาธารณสุข,^c2554
300    ^a335 หน้า:^bภาพประกอบ ;^c29 ซม.
650  2 ^aGood Practice
650  7 ^aวิธีปฏิบัติงานที่ดี^vการประชุม
710 2  ^aสถาบันพระบรมราชชนก
945    ^p0^l0^i000185
999    ^aเกษร โพธิ์สุวรรณ
รายการนี้ยังไม่มีแท็ก
คุณยังไม่ได้ล็อกอิน คุณสามารถมีกิจกรรมร่วมกับเว็บไซต์ได้ แต่ต้องล็อกอินก่อน ::
  ล็อกอิน

รายการสื่อสารสนเทศ

ลำดับที่ ประเภท เลขเรียก/บาร์โค้ด สถานที่ สถานะ
1. วิทยาศาสตร์การแพทย์ และสุขภาพ
หนังสือสำรอง
สถานะ=หนังสือสำรอง
WY18 ก461 ฉ.1 
  Barcode: 000185
ห้องสมุดวิทยาเขตสวรรค์ประชารักษ์
►ส่วนจัดเก็บหนังสือเก่า สปร
บนชั้น
  ขอยืม

รายการใกล้เคียง
    หัวเรื่อง [Good Practice]

BibComment


ยังไม่เคยถูกคอมเมนท์

คอมเมนท์ทรัพยากรรายการนี้
  คอมเมนท์: เอกสารประกอบการน..


 Copyright 2026. Bcnsprnw @Library